000 00332nam a2200145Ia 4500
005 20251222154434.0
008 251222s9999||||xx |||||||||||||| ||spa||
020 _a8476584210
082 _a303.483/S21
100 _aSanmartín, José
245 0 _aSuperando Fronteras
250 _a1ra.ed.
264 _bAnthropos
942 _cLIB
999 _c36550
_d36550